| 000 | 00441nam a2200121Ia 4500 | ||
|---|---|---|---|
| 008 | 220615s9999||||xx |||||||||||||| ||und|| | ||
| 100 | _aRosa MarÃa GarcÃa-Gimeno||Antonio Valero DÃaz | ||
| 245 | 0 | _aDescriptive Food Science | |
| 546 | _aEnglish[eng] | ||
| 650 | _aLife Sciences||Food Engineering||Agricultural and Biological Sciences||Bromatology | ||
| 856 | _uhttps://www.intechopen.com/books/descriptive-food-science | ||
| 942 | _cEB | ||
| 999 |
_c17306 _d17306 |
||